Structure and interpretation of computer programs.
Saved in:
| Main Authors: | , , |
|---|---|
| Format: | Book |
| Language: | English |
| Published: |
Cambridge, Massachusetts, USA:
MIT; McGraw-Hill,
1996.
|
| Edition: | Second edition. |
| Series: | MIT electrical engineering and computer science series.
|
| Subjects: | |
| Tags: |
Add Tag
No Tags, Be the first to tag this record!
|
MARC
| LEADER | 00000nam a2200000 i 4500 | ||
|---|---|---|---|
| 001 | 990007490280204201 | ||
| 003 | CL-VaPUC | ||
| 005 | 20240126132405.0 | ||
| 008 | 980907s1996 xxu 000 0 eng d | ||
| 999 | |c 442940 |d 442938 | ||
| 020 | |a 0262510871 | ||
| 035 | |a CSIC000749028 | ||
| 035 | |a (ES-MaCSI)000749028MAD01-Aleph | ||
| 035 | |a (OCoLC)639074715 | ||
| 040 | |a ES-MaCSI |b spa |c Pontificia Universidad Católica de Valparaíso | ||
| 082 | 7 | |a 005.133 ABE 1996 |2 22 | |
| 100 | 1 | |a Abelson, Harold |e author |9 887081 | |
| 245 | 1 | 0 | |a Structure and interpretation of computer programs. |
| 250 | |a Second edition. | ||
| 260 | |a Cambridge, Massachusetts, USA: |b MIT; |b McGraw-Hill, |c 1996. | ||
| 300 | |a XXIII, 657 páginas. | ||
| 440 | |a MIT electrical engineering and computer science series. |9 887085 | ||
| 490 | 1 | |a MIT electrical engineering and computer science series. | |
| 500 | |a c.1. Donación Prof. Sandra Cano Mazuera / Esc. Ing. Informática 20-12-2023 | ||
| 583 | |c 20240110 |k GC | ||
| 650 | 7 | |a Programación de computadores |9 259531 | |
| 650 | 7 | |a LISP (Lenguaje de programación) |9 887082 | |
| 700 | 1 | |a Sussman, Gerald Jay |e author |9 887083 | |
| 700 | 1 | |a Sussman, Julie |e author |9 887084 | |
| 942 | |2 ddc |c BK | ||
| 952 | |0 0 |1 0 |2 ddc |4 0 |6 005_133000000000000_ABE_1996 |7 0 |8 A |9 593238 |a BIBING |b BIBING |d 2024-01-10 |e Donación |i 5660046 |l 1 |o 005.133 ABE 1996 |p 5660046 |r 2025-01-20 |s 2024-06-06 |t 1 |w 2024-01-10 |y BK |k CCI | ||